Т. 39, вып. 3: Теоретическая механика. Теория упругости; Записки Ленинградского горного института

Bibliografiske detaljer
Parent link:Записки Ленинградского горного института=Annales de L'Institut des Mines: научный журнал/ Ленинградский горный институт им. Г. В. Плеханова (ЛГИ). Т. 39, вып. 3: Теоретическая механика. Теория упругости.— , 1926-1977.— 2411-3336
Sprog:russisk
fransk
Udgivet: 1961
Format: MixedMaterials Bog
KOHA link:https://koha.lib.tpu.ru/cgi-bin/koha/opac-detail.pl?biblionumber=582306

MARC

LEADER 00000nam2a2200000 4500
001 582306
005 20231101130845.0
035 |a (RuTPU)RU\TPU\prd\282562 
035 |a RU\TPU\prd\282560 
090 |a 582306 
100 |a 20190111a19161977k y0rusy50 ca 
101 0 |a rus  |a fre 
102 |a RU 
200 0 |a Т. 39, вып. 3: Теоретическая механика. Теория упругости 
210 |d 1961 
461 1 |0 (RuTPU)RU\TPU\prd\357  |x 2411-3336  |t Записки Ленинградского горного института  |l Annales de L'Institut des Mines  |o научный журнал  |f Ленинградский горный институт им. Г. В. Плеханова (ЛГИ)  |v Т. 39, вып. 3: Теоретическая механика. Теория упругости  |d 1926-1977 
801 0 |a RU  |b 63413507  |c 20010227  |g PSBO 
801 1 |a RU  |b 63413507  |c 20080423  |g PSBO 
801 2 |a RU  |b 63413507  |c 20190123  |g PSBO 
942 |c BK 
999 |a НТБ_ТПУ  |b НФ  |e -8/20180109  |p П-811  |u 0,56  |v 1  |x 21240